| Поле | Инд. | ПП | Название | Значение |
|---|---|---|---|---|
| Тип записи | a | |||
| Библиографический уровень | b | |||
| 001 | Контрольный номер | UNIDUBNA20817b7c90984cbd826db9c53c4592b8 | ||
| 005 | Дата корректировки | 20260515160629.5 | ||
| 008 | Кодируемые данные | 20170331 | ||
| 040 | b | Код языка каталог. | rus | |
| e | Правила каталог. | PSBO | ||
| 041 | 0_ | a | Код языка текста | rus |
| 084 | a | Индекс другой классификации/Индекс ББК | 63.3(2)633-2-3 | |
| 245 | 10 | a | Заглавие | 50 лет комсомольскому отряду на БАМ |
| b | Продолж. заглавия | [подборка статей] | ||
| 500 | a | Примечание | Тема номера: 50 лет комсомольскому отряду на БАМ | |
| 505 | 0_ | a | Форматированное содержание | Звездный час: Воспоминания о первом эшелоне и нашем времени |
| b | Автор | Бочаров Г. | ||
| 505 | 0_ | a | Форматированное содержание | От Байкала до Амура: партия сказала "Надо!" : Документы политбыро ЦК КПСС 1967 года о возобновлении строительства магистрали публикуются впервые |
| b | Автор | Пивоваров Н. | ||
| b | Автор | Чагадаева О. | ||
| 505 | 0_ | a | Форматированное содержание | Басин и БАМ: Легендарный начальник Главбамстроя про магистраль, о которой не говорили с трибун |
| b | Автор | Нордвик В. | ||
| b | Автор | Ванденко А. | ||
| 505 | 0_ | a | Форматированное содержание | Любовь над Таюрой: Простая вечная драма в дневниках и письмах первопроходцев |
| b | Автор | Андреева Т. | ||
| 505 | 0_ | a | Форматированное содержание | Как БАМ оказался в космосе?: И еще несколько земных вопросов о возвышенной стройке |
| b | Автор | Локалов А. | ||
| 520 | 0_ | a | Аннотация | 27 апреля 1974 года первый молодежный отряд имени XVII съезда ВЛКСМ отправился на строительство Байкало-Амурской магистрали. |
| 600 | 14 | a | Персоналии | Басин Ефим Владимирович |
| a | Персоналии | Косыгин Алексей Николаевич | ||
| 650 | 14 | a | Основная рубрика | внутренняя политика |
| a | Основная рубрика | история | ||
| 653 | 0_ | a | Ключевые слова | XX век |
| a | Ключевые слова | Байкало-Амурская магистраль (БАМ) | ||
| a | Ключевые слова | Герой Социалистического труда | ||
| a | Ключевые слова | грузовые перевозки | ||
| a | Ключевые слова | Дальний Восток | ||
| a | Ключевые слова | железнодорожное строительство | ||
| a | Ключевые слова | Забайкалье | ||
| a | Ключевые слова | комсомол (ВЛКСМ) | ||
| a | Ключевые слова | Комсомольск-на-Амуре | ||
| a | Ключевые слова | комсомольцы | ||
| a | Ключевые слова | общественное мнение | ||
| a | Ключевые слова | природные ресурсы | ||
| a | Ключевые слова | пятилетнее планирование | ||
| a | Ключевые слова | Россия | ||
| a | Ключевые слова | советский период | ||
| a | Ключевые слова | социальная политика | ||
| a | Ключевые слова | СССР | ||
| a | Ключевые слова | Транссибирская железнодорожная магистраль | ||
| a | Ключевые слова | финансирование | ||
| a | Ключевые слова | экономическая история (история хозяйства) | ||
| a | Ключевые слова | экономическая политика | ||
| 773 | 08 | t | Заглавие источника | Родина |
| d | Дата издания источника | 2024 | ||
| g | Прочая информация | № 4. - С. 10 - 33 : фот., ил. | ||
| w | Контрольный № источника | UNIDUBNA06748ebef1dc4c8fbd70c6831f8aaaea | ||
| 901 | t | Тип документа | b |